Handbook of the Indian cotton textile industry. 1969 (Record no. 21540)
[ view plain ]
| 000 -LEADER | |
|---|---|
| fixed length control field | 00279nam a2200097Ia 4500 |
| 082 ## - DEWEY DECIMAL CLASSIFICATION NUMBER | |
| Classification number | 677.21(540) |
| Item number | HAN |
| 245 #0 - TITLE STATEMENT | |
| Title | Handbook of the Indian cotton textile industry. 1969 |
| 260 ## - PUBLICATION, DISTRIBUTION, ETC. (IMPRINT) | |
| Place of publication | Bombay |
| Name of publisher | Cotton Textiles EPC |
| Year of publication | 1969 |
| 942 ## - ADDED ENTRY ELEMENTS (KOHA) | |
| Koha item type | Books |
| Withdrawn status | Lost status | Damaged status | Not for loan | Home library | Current library | Date acquired | Cost, normal purchase price | Full call number | Accession Number | Koha item type |
|---|---|---|---|---|---|---|---|---|---|---|
| RRII Library | RRII Library | 16/12/2021 | 15.00 | 677.21(540) HAN | 02256 | Books |